Catalog

Record Details

Catalog Search



Svatý František z Assisi - výzva modernímu světu : diplomová práce Cover Image Book Book

Svatý František z Assisi - výzva modernímu světu : diplomová práce Tatiana Kajtárová ; vedoucí práce: ThDr. PhDr. Mireia Ryšková

Summary:

TS Sv. František z Assisi - výzva modernímu světu

Record details

  • Physical Description: 52 s.
  • Publisher: Praha JABOK - Vyšší sociálně pedagogická a teologická škola 1996

Content descriptions

Bibliography, etc. Note:
biblogr. s. 51

Available copies

  • 2 of 2 copies available at Common Catalog SPOK.

Holds

  • 0 current holds with 2 total copies.
Show Only Available Copies
Location Call Number / Copy Notes Barcode Shelving Location Status Due Date
Jabok Library ABP-0016 424480002007 Depozitář - Absolv. práce Reference -
Jabok Library ABP-0016 424480002031 Absolventské práce Reference -

LDR 00823ntm a22 a 4500
00112702
003CZ-PrJAB
00520020430000000.0
008980209s1996 xr e |||| |cze
009cz
035 . ‡a(CONS)12702
035 . ‡aKPS0004299
040 . ‡a
0410 . ‡acze
10011. ‡72540 ‡aKajtárová, Tatiana
110 2. ‡aJABOK - Vyšší sociálně pedagogická a teologická škola ‡bPraha
2451 . ‡aSvatý František z Assisi - výzva modernímu světu : ‡bdiplomová práce ‡cTatiana Kajtárová ; vedoucí práce: ThDr. PhDr. Mireia Ryšková
260 . ‡aPraha ‡bJABOK - Vyšší sociálně pedagogická a teologická škola ‡bPraha ‡c1996
300 . ‡a52 s.
504 . ‡abiblogr. s. 51
520 . ‡aTS Sv. František z Assisi - výzva modernímu světu
653 . ‡aFrantišek z Assisi ‡aživotní styl ‡apostmoderní společnost ‡aekologie
70011. ‡aRyšková, Mireia
999 . ‡a16-d ‡c16-d ‡i424480002031 ‡l ‡tP
999 . ‡a16b-d ‡c16b-d ‡i424480002007 ‡l ‡tP
910 . ‡aABG312
901 . ‡a12702 ‡bUnknown ‡c12702 ‡tbiblio

Additional Resources